LEADER 00797nam0 2200253 450 001 000004272 005 20050630120100.0 010 $a88-244-9525-7 100 $a--------d2002----km-y0itay50------ba 101 $aita 102 $aIT 200 1 $aCompendio di diritto comunitario$easpetti giuridici e istituzionali 205 $a2. ed. agg. al Trattato di Nizza del 26 febbraio 2001 210 $aNapoli$cEsselibri-Simone$d2002 215 $a285 p.$d21 cm 225 2 $aManuali giuridici Simone$v47/4 410 0$12001$aManuali giuridici Simone 610 1 $aDiritto comunitario 676 $a341.24 801 0$aIT $bUNIPARTHENOPE $gRICA $2UNIMARC 912 $a000004272 951 $cNAVA1$a341-C/16$b35538$d20021028 996 $aCompendio di diritto comunitario$9890253 997 $aUNIPARTHENOPE LEADER 01193nam1-22003851i-450- 001 990007463170403321 005 20080612090954.0 035 $a000746317 035 $aFED01000746317 035 $a(Aleph)000746317FED01 035 $a000746317 100 $a20030814d1992----km-y0itay50------ba 101 0 $aita$aspa 102 $aIT 105 $aa-------101yy 200 1 $aEmigrazione e presenza italiana in Argentina$eatti del Congresso internazionale, Buenos Aires, 2 - 6 novembre 1989$fa cura di Francesco Citarella 210 $aRoma$cCNR$d1992 215 $a468 p.$cill.$d26 cm 225 1 $aMonografie scientifiche$iSerie scienze umane e sociali 610 0 $aItalia$aEmigrazione 610 0 $aArgentina$aImmigrazione italiana 702 1$aCitarella,$bFrancesco 801 0$aIT$bUNINA$gRICA$2UNIMARC 901 $aBK 912 $a990007463170403321 952 $aA-IT 0279$bI.G.904$fILFGE 952 $a9-5-216-TI$b3696 DEA$fECA 952 $aN3.199$b5380$fDECTS 952 $aSE 106.05.04-$b3985$fDECSE 959 $aILFGE 959 $aECA 959 $aDECTS 959 $aDECSE 996 $aEmigrazione e presenza italiana in Argentina$9679682 997 $aUNINA LEADER 01120nam0-22003131--450- 001 990008832940403321 005 20090330122020.0 020 $aIT$b1940 6381 035 $a000883294 035 $aFED01000883294 035 $a(Aleph)000883294FED01 035 $a000883294 100 $a20090330d1940----km-y0itay50------ba 101 0 $aita 102 $aIT 105 $ay-------001yy 200 1 $a<>solenne inaugurazione del monumento eretto dall'Università Cattolica del Sacro Cuore a s.s. Pio 11$fdiscorsi di sua eminenza il sig. card. Giuseppe Pizzardo ... e del magnifico rettore fr. Agostino Gemelli 210 $aMilano$cVita e pensiero$d1940 215 $a40, [33] p.$d25 cm 676 $a920$v11 rid.$zita 700 1$aPizzardo,$bGiuseppe$0505353 701 1$aGemelli,$bAgostino$f<1878-1959>$084602 801 0$aIT$bUNINA$gRICA$2UNIMARC 901 $aBK 912 $a990008832940403321 952 $aUniversità Cattolica$br.d. 3764$fFGBC 959 $aFGBC 996 $aSolenne inaugurazione del monumento eretto dall'Università Cattolica del Sacro Cuore a s.s. Pio 11$9806247 997 $aUNINA LEADER 01124nam0 22003011i 450 001 UON00083449 005 20231205102437.18 010 $a18-506-5100-0 100 $a20020107d1990 |0itac50 ba 101 $aeng 102 $aGB 105 $a|||| ||||| 200 1 $aˆThe ‰politics of reconciliation$eZimbabwe's first decade$fVictor de Waal 210 $aLondon$cHurst & Company ; Cape Town$cPhilip$dc1990 215 $axiv, 146 p.$d22 cm 606 $aZIMBABWE$xStoria$3UONC025384$2FI 620 $dCape Town$3UONL001858 620 $aGB$dLondon$3UONL003044 676 $a968.9$cSTORIA DELLO ZIMBABWE$v21 700 1$aDE_WAAL$bVictor$3UONV055003$0662505 712 $aHurst & Company$3UONV245896$4650 712 $aPhilip David$3UONV256794$4650 801 $aIT$bSOL$c20240220$gRICA 899 $aSIBA - SISTEMA BIBLIOTECARIO DI ATENEO$2UONSI 912 $aUON00083449 950 $aSIBA - SISTEMA BIBLIOTECARIO DI ATENEO$dSI AA ST 317 $eSI AA 23610 5 317 996 $aPolitics of reconciliation$91296004 997 $aUNIOR LEADER 02001nam0 22004333i 450 001 RAV0108192 005 20251003044324.0 100 $a20130827d1989 ||||0itac50 ba 101 | $aita 102 $ait 181 1$6z01$ai $bxxxe 182 1$6z01$an 200 1 $a1990 del turista$eservizi e informazioni, per i soci, in Italia e all'estero$fTouring club italiano 210 $aMilano$cTouring club italiano$dc1989 215 $a208 p.$cill.$d23 cm. 606 $aItalia$xGuide$2FIR$3CFIC011774$9E 676 $a914$9$v21 676 $a914$9GEOGRAFIA E VIAGGI. Europa.$v23 686 $aU$cOpere varie$2ACQ 696 $aGuide turistiche$aGuide di viaggio 699 $aGuide$zGuide turistiche 699 $aGuide$yGuide di viaggio 710 02$aTouring club italiano$3CFIV002046$4070$05623 791 02$aTCI$3CFIV148662$zTouring club italiano 791 02$aTouring club of Italy$3CFIV178973$zTouring club italiano 791 02$aItalienischer Touring Club$3CFIV277665$zTouring club italiano 791 02$aTouring club editore$3CFIV323587$zTouring club italiano 791 02$aTouring club ciclistico italiano$3NAPV111118$zTouring club italiano 791 02$aConsociazione turistica italiana$3RAVV054909$yTouring club italiano 801 3$aIT$bIT-000000$c20130827 850 $aIT-BN0095 $aIT-BN0013 $aIT-NA0079 901 $bNAP BN$cMAGAZZINO $nmagazzini correnti divisi per anni 901 $bNAP 46$c710 $n$ 901 $bNAP 01$cPOZZO LIB.$nVi sono collocati fondi di economia, periodici di ingegneria e scienze, periodici di economia e statistica e altri fondi comprendenti documenti di economia pervenuti in dono. 912 $aRAV0108192 950 0$aBiblioteca Centralizzata di Ateneo$c1 v.$d 01POZZO LIB.F. FRAGOLA 257$e 0101 0060067365E VMA 1 v. ( Precedente collocazione F 439)$fB $h20221028$i20221028 977 $a 01$a 46$a BN 996 $a1990 del turista$9831768 997 $aUNISANNIO